000 00640nam a2200181Ia 4500
008 100921s9999 xx 000 0 und d
082 _b22945
_a891.461 थ 89
100 _aकुसुमाग्रज (शिरवाडकर वि.वा.).
245 _aपाथेय.
260 _bपॉप्युलर प्रकाशन, मुंबई.
_c1989
300 _a95
_bभावे पुस्तक भांडार,पुणे
365 _b40
520 _aललित-काव्य.
630 _aपाथेय.
650 _aललित-काव्य.
730 _aपाथेय.
942 _cBOOK
999 _c772058
_d772055